Centros de gestión en Dinamarca, Francia y España: visión de su experiencia

Сохранить в:
Библиографические подробности
Соавтор: Fundación Chile (Автор)
Формат:
Язык:испанский
Опубликовано: Santiago Programa Gestión Agropecuaria 2000
Предметы:
Метки: Добавить метку
Нет меток, Требуется 1-ая метка записи!

MARC

LEADER 00000nam a2200000 a 4500
001 UCM0626
003 CL-VaPUC
008 020301e20000000CL |||||||||||||||||spa|d
082 0 4 |a 658.401  |b FUN  |2 21 
110 2 |a Fundación Chile  |e author  |9 467550 
245 1 0 |a Centros de gestión en Dinamarca, Francia y España: visión de su experiencia 
300 |a 40 p 
942 |c BK 
945 |d 20020301 00:00:00  |a cmena 
260 |a Santiago  |b Programa Gestión Agropecuaria  |c 2000 
650 0 |a Industria agrícola   |9 264819 
650 0 |a Planificación estratégica   |9 259735 
650 7 |a DESARROLLO AGRICOLA  |2 CL-VaPUC  |9 259759 
650 0 |a Industria agrícola   |9 264819 
650 0 |a Competitividad   |9 308495 
651 7 |a DINAMARCA  |2 CL-VaPUC  |9 315123 
651 0 |a Francia  |9 255157 
651 0 |a España  |9 254926 
583 |a last modification  |c 20160923 10:43:04  |k Rodrigo Vera 
999 |c 299502  |d 299500 
952 |0 0  |1 0  |4 0  |6 658_401000000000000_FUN_2000  |7 0  |8 A  |9 356097  |a BIBAGR  |b BIBAGR  |d 2019-11-21  |i 3681734  |o 658.401 FUN 2000  |p 3681734  |r 2025-01-20  |w 2019-11-21  |y BK  |k AGR